The Current Development of the System of the ESRS Standards

Európska komisia prijala záverečný delegovaný akt Európskeho podávania správ o udržateľnosti - Normy (ESRS). Prehľad základných atribútov ESRS. Kľúčové vlastnosti európskeho právneho režimu.

Salvato in:
Dettagli Bibliografici
Autore principale: Černý, Matej, 1982-
Altri autori: Dubcová, Gabriela, 1968-, Mattoš, Boris, 1977-
Natura: Capitolo di libro
Lingua:inglese
Soggetti:
Tags: Aggiungi Tag
Nessun Tag, puoi essere il primo ad aggiungerne!!

MARC

LEADER 00000naa$a2200000$$$4500
001 0298754
005 20240502084009.5
041 0 |a eng 
044 |a CZ 
245 1 0 |a The Current Development of the System of the ESRS Standards  |c Matej Černý, Gabriela Dubcová, Boris Mattoš 
520 |a Európska komisia prijala záverečný delegovaný akt Európskeho podávania správ o udržateľnosti - Normy (ESRS). Prehľad základných atribútov ESRS. Kľúčové vlastnosti európskeho právneho režimu. 
610 2 0 |a Európska únia 
610 2 0 |a štandardy 
610 2 0 |a udržateľnosť 
610 2 0 |a smernice 
610 2 0 |a vývoj 
610 2 0 |a systém 
100 1 |a Černý, Matej, 1982- 
700 1 |a Dubcová, Gabriela, 1968- 
700 1 |a Mattoš, Boris, 1977-